| 000 | 01252cab a2200265 4500 | ||
|---|---|---|---|
| 001 | ABS54431 | ||
| 008 | 090401t1995 xxu||||| |||| 00| 0 eng d | ||
| 035 | _a(Sirsi) u10289 | ||
| 041 | _aeng | ||
| 245 | _aFotheringham v Wood (VO) | ||
| 260 | _c1995 | ||
| 350 | _a0 | ||
| 490 |
_aRating Appeals _v1995 RA 315-325(6) |
||
| 520 | _aLT 30 August 1995. An appeal against a description of a property in the rating list. The property was a detached house used partly for business purposes and described as `offices and premises (part)`. The ratepayer appealed claiming the property was wholly domestic as there was no separate access for business use and no rooms were used exclusively for business. Appeal dismissed on the grounds that the property had a separate dedicated telephone listed in the `Accountants` section of yellow pages, two rooms were dedicated to the business and two members of staff were employed who worked in the house. | ||
| 650 | _aBUSINESS USE | ||
| 650 | _aCOMPOSITE HEREDITAMENT | ||
| 650 | _aDOMESTIC PROPERTY | ||
| 650 | _aMISDESCRIPTION | ||
| 650 | _aNON-DOMESTIC USE | ||
| 650 | _aRATING APPEALS | ||
| 650 | _aVALUATION LISTS | ||
| 690 | _aRATING AND VALUATION-CASE LAW | ||
| 942 | _n0 | ||
| 948 | _c04/03/1997 | ||
| 999 |
_c6471 _d6471 |
||